[Event "Monza e Brianza Province-ch"]
[Site "Barlassina"]
[Date "2013.02.??"]
[Round "?"]
[White "Moroni, Luca Jr"]
[Black "Ronconi, Fausto"]
[Result "1-0"]
[WhiteElo "2169"]
[BlackElo "1697"]
[PlyCount "63"]
[EventDate "2013.02.01"]
[EventType "swiss"]
[EventRounds "5"]
[EventCountry "ITA"]
[SourceTitle "EXT 2014"]
[Source "ChessBase"]
[SourceDate "2013.11.20"]
[SourceVersion "1"]
[SourceVersionDate "2013.11.20"]
[SourceQuality "1"]

1. Nf3 d5 2. c4 e6 3. g3 Nf6 4. Bg2 dxc4 5. Qa4+ Bd7 6. Qxc4 Nc6 7. 0-0 Be7 8. b3 Rb8 9. Bb2 b5 10. Qc1 0-0 11. d3 a5 12. a3 Nd5 13. Nbd2 Bf6 14. Ne4 Bxb2 15. Qxb2 f5 16. Nc5 Nf6 17. Rac1 Qe7 18. Ne5 Nxe5 19. Qxe5 Qd6 20. d4 Bc8 21. Rfd1 Ng4 22. Qf4 Qxf4 23. gxf4 Nf6 24. Nd3 b4 25. axb4 Ba6 26. Nc5 Bxe2 27. Re1 Bh5 28. bxa5 Ne4 29. Nd7 Rxb3 30. Nxf8 Kxf8 31. a6 Ra3 32. Ra1 1-0

[Event "Ceriano Laghetto Winter op 4th"]
[Site "Ceriano Laghetto"]
[Date "2012.02.??"]
[Round "3"]
[White "Napoli, Ferdinando"]
[Black "Ronconi, Fausto"]
[Result "1-0"]
[WhiteElo "1724"]
[BlackElo "1726"]
[PlyCount "41"]
[EventDate "2012.02.??"]
[EventType "swiss"]
[EventRounds "6"]
[EventCountry "ITA"]
[SourceTitle "EXT 2024"]
[Source "ChessBase"]
[SourceDate "2023.10.10"]
[SourceVersion "1"]
[SourceVersionDate "2023.10.10"]
[SourceQuality "1"]

1. b3 d5 2. Bb2 e6 3. e3 Nf6 4. Nf3 Be7 5. d4 0-0 6. Be2 b6 7. 0-0 Ba6 8. c4 dxc4 9. bxc4 c5 10. Ne5 Qc8 11. Bf3 Bb7 12. Nc3 cxd4 13. exd4 Bxf3 14. Qxf3 Nbd7 15. Nc6 Bd6 16. Nb5 Ne8 17. Nxd6 Qa6 18. Ne7+ Kh8 19. Nxf7+ Rxf7 20. Qxa8 Rxe7 21. Qd8 1-0

[Event "Lombardia Region-ch"]
[Site "Solaro"]
[Date "2011.05.28"]
[Round "2"]
[White "Ronconi, Fausto"]
[Black "Barolo, Andrea"]
[Result "1/2-1/2"]
[WhiteElo "1754"]
[BlackElo "1964"]
[PlyCount "137"]
[EventDate "2011.05.27"]
[EventType "swiss"]
[EventRounds "5"]
[EventCountry "ITA"]
[SourceTitle "EXT 2023"]
[Source "ChessBase"]
[SourceDate "2022.10.05"]
[SourceVersion "1"]
[SourceVersionDate "2022.10.05"]
[SourceQuality "1"]

1. d4 Nf6 2. c4 g6 3. Nc3 d5 4. Nf3 Bg7 5. g3 0-0 6. Bg2 c6 7. cxd5 cxd5 8. 0-0 Ne4 9. Bf4 Nxc3 10. bxc3 Nc6 11. Qd2 Bf5 12. Bh6 Rc8 13. Bxg7 Kxg7 14. Ng5 Qa5 15. e4 dxe4 16. Nxe4 Rfd8 17. Qe3 b6 18. Rfe1 Qa3 19. Nd2 Na5 20. Nb3 Rd7 21. Nxa5 Qxa5 22. Rec1 Rdc7 23. d5 Rxc3 24. Qe5+ Kg8 25. Re1 R8c7 26. Rad1 Qc5 27. d6 Qxe5 28. Rxe5 exd6 29. Red5 Be6 30. Rxd6 Bxa2 31. h4 Rc1 32. Bf3 Rxd1+ 33. Rxd1 h5 34. Be2 Be6 35. Ba6 Bg4 36. Re1 Kg7 37. Kg2 Bc8 38. Bxc8 Rxc8 39. Re7 Ra8 40. Rb7 Kf6 41. Kf3 Ke6 42. Ke4 Kf6 43. Kf4 Rc8 44. Rxa7 Rb8 45. Ra1 b5 46. Rb1 b4 47. Rb3 Rb5 48. Ke4 g5 49. hxg5+ Kxg5 50. f3 f5+ 51. Ke3 f4+ 52. Kf2 Kf5 53. Kg2 fxg3 54. Kxg3 Ke5 55. f4+ Kd5 56. f5 Kc4 57. Rf3 b3 58. f6 b2 59. Rf4+ Kd3 60. Rf3+ Ke2 61. Rf2+ Ke1 62. f7 b1Q 63. f8Q Qd3+ 64. Qf3 Rg5+ 65. Kh2 Qxf3 66. Rxf3 Ke2 67. Rg3 Rf5 68. Kh3 Kf2 69. Rg6 1/2-1/2

[Event "Modena Province-ch"]
[Site "Ceriano Laghetto"]
[Date "2010.02.??"]
[Round "5"]
[White "Pino, Nicola"]
[Black "Ronconi, Fausto"]
[Result "1/2-1/2"]
[WhiteElo "1793"]
[BlackElo "1780"]
[PlyCount "119"]
[EventDate "2010.02.02"]
[EventType "swiss"]
[EventRounds "6"]
[EventCountry "ITA"]
[SourceTitle "EXT 2024"]
[Source "ChessBase"]
[SourceDate "2023.10.10"]
[SourceVersion "1"]
[SourceVersionDate "2023.10.10"]
[SourceQuality "1"]

1. e4 e6 2. d4 d5 3. Nd2 dxe4 4. Nxe4 Nd7 5. Nf3 Ngf6 6. Bd3 Nxe4 7. Bxe4 Nf6 8. Bd3 Bd6 9. c4 c5 10. dxc5 Bxc5 11. 0-0 b6 12. b4 Bd4 13. Nxd4 Qxd4 14. Be3 Qd8 15. c5 bxc5 16. Bxc5 Nd5 17. Qa4+ Bd7 18. Bb5 Bxb5 19. Qxb5+ Qd7 20. Qxd7+ Kxd7 21. Rfd1 Rhc8 22. Rac1 a6 23. a3 Rc6 24. Bd4 Rxc1 25. Rxc1 g6 26. Kf1 Rc8 27. Rxc8 Kxc8 28. Ke2 Kd7 29. g3 Kc6 30. Kd2 Kb5 31. Kc2 Kc4 32. Bb2 Nc7 33. Bg7 Nb5 34. Kb2 Nd6 35. Bf8 Ne4 36. f4 h5 37. Kc2 f5 38. Be7 Nf2 39. Bc5 Nd3 40. Bb6 e5 41. fxe5 Nxe5 42. h3 Nf3 43. Bf2 Kb5 44. Kb3 Nd2+ 45. Kc2 Ne4 46. Be1 Ka4 47. Kd3 Kxa3 48. g4 Nf6 49. gxf5 gxf5 50. Kd4 Nd7 51. Kd5 f4 52. Ke4 Nb6 53. Kxf4 Nd5+ 54. Kg5 Nxb4 55. Kxh5 a5 56. Kg6 a4 57. h4 Kb3 58. h5 a3 59. Bh4 Nd3 60. Bf6 1/2-1/2